Cô gái và hoa cẩm chướng

Salvato in:
Dettagli Bibliografici
Autore principale: A J CRONIN
Natura: Libro
Lingua:Undetermined
Pubblicazione: Thanh niên 2001
Tags: Aggiungi Tag
Nessun Tag, puoi essere il primo ad aggiungerne! !
Thư viện lưu trữ: Trung tâm Học liệu Trường Đại học Cần Thơ
LEADER 00417nam a2200145Ia 4500
001 CTU_48726
008 210402s9999 xx 000 0 und d
082 |a 823.914 
082 |b C947c 
100 |a A J CRONIN 
245 0 |a Cô gái và hoa cẩm chướng 
245 2 |c A J CRONIN, Nguyễn Lan Đồng 
260 |b Thanh niên 
260 |c 2001 
980 |a Trung tâm Học liệu Trường Đại học Cần Thơ